MARC

LEADER 00000nam0a2200000 4500
001 140114
005 20231101220832.0
010 |a 3540286039 
035 |a (RuTPU)RU\TPU\book\151785 
090 |a 140114 
100 |a 20080620d2006 k y0engy50 ba 
101 0 |a eng 
102 |a DE 
105 |a a z 001zy 
200 1 |a Handbook of Practical X-Ray Fluorescence Analysis  |f editors B. Beckhoff, B. Kanngießer, N. Langhoff, R. Wedell, H. Wolff 
210 |a Berlin  |c Springer  |d 2006 
215 |a 863 p.  |c il. 
320 |a References: p. 783-833. 
606 1 |a Флуоресцентный анализ  |2 stltpush  |3 (RuTPU)RU\TPU\subj\64030  |9 80960 
606 1 |a Рентгенорадиометрический анализ  |2 stltpush  |3 (RuTPU)RU\TPU\subj\25099  |9 49331 
610 1 |a химия 
610 1 |a аналитическая химия 
610 1 |a применение 
610 1 |a аппаратура 
610 1 |a английский язык 
675 |a 543.426  |v 3 
675 |a 539.26  |v 3 
702 1 |a Beckhoff  |b B.  |4 340 
702 1 |a Kanngießer  |b B.  |4 340 
702 1 |a Langhoff  |b N.  |4 340 
702 1 |a Wedell  |b R.  |4 340 
702 1 |a Wolff  |b H.  |4 340 
801 1 |a RU  |b 63413507  |c 20080620  |g PSBO 
801 2 |a RU  |b 63413507  |c 20151014  |g PSBO 
942 |c BK